| 000 | 00000nam##2200000za#4500 |
| 001 | 9.580605 |
| 003 | CaOODSP |
| 005 | 20211126112846 |
| 007 | cr ||||||||||| |
| 008 | 150406|2003||||xxc|||||o f|0| 0 eng|d |
| 022 | |a1701-9397 |
| 040 | |aCaOODSP|beng |
| 043 | |an-cn--- |
| 086 | 1 |aFB3-2/103-36E-PDF |
| 110 | 2 |aBank of Canada. |
| 245 | 10|aExcess collateral in the LVTS : |h[electronic resource]|bhow much is too much? / |cby Kim McPhail and Anastasia Vakos. |
| 260 | |aOttawa - Ontario : |bBank of Canada |c2003. |
| 300 | |a28p.|breferences, tables |
| 490 | 1 |aBank of Canada working paper|x1701-9397|v2003-36 |
| 500 | |aFile reproduced from original print. The ISSN (1192-5434) for the print edition appears in the PDF version. |
| 546 | |aRésumé en français. |
| 590 | |a14-17-Supp|b2014-10-09 |
| 720 | 1 |aMcPhail, Kim |
| 720 | 1 |aVakos, Anastasia |
| 776 | 0#|tExcess collateral in the LVTS : |w(CaOODSP)9.616656 |
| 830 | #0|aWorking paper (Bank of Canada)|x1701-9397|v2003-36|w(CaOODSP)9.504604 |
| 856 | 40|ahttp://publications.gc.ca|qPDF|s303 KB|uhttps://publications.gc.ca/collections/collection_2014/banque-bank-canada/FB3-2-103-36-eng.pdf|y2003-36 |